000 007140000a22001930004500
003 LK-CoMWRAF
005 20231106120601.0
008 230817t1968 ||||| |||| 00| 0 eng d
040 _aLK-CoMWRAF
_dLK-CoMWRAF
_eLK-CoMWRAF
041 _aeng
082 _a923
_bHAS
100 _aHassan, M.C.A.
245 _aSir Razik Fareed:
_bthe political and personal life of Sir Razik Fareed, O.B.E., M.P., J.P.U.M., the Ceylon Moor leader, with a biographical sketch of his father and grandfather
260 _a[Colombo]:
_bSir Razik Fareed foundation,
_c1968
300 _a242 p., [9] leaves of plates : ill. ; 22 cm.
650 _aMUSLIMS-Sri Lanka-Biography
650 _aPoliticians-Sri Lanka-Biography
942 _cBK
999 _c1201
_d1201